000
00292nam a2200109Ia 4500
008
200302s9999 xx 000 0 und d
100
_a
Jamini Mehta
245
_a
Rethinking Towards post rational Architecture Modernity
260
_b
Niyogi Books Published
260
_c
2011
300
_a
155 P.,
999
_c
4302
_d
4302